000 00303 a2200145 4500
001 169911
020 _a
040 _cMagnum
100 _aLuria, A. R. Et Al.
240 1 0 _aPsicologia e pedagogia i
_lpor
245 1 0 _aPsicologia e pedagogia i
362 0 _a1899
697 _aENSINO
942 _cBK
999 _c169911
_d169911